000 00713nam a2200253Ia 4500
003 OSt
005 20221006143655.0
006 a|||||r|||| 00| 0
007 ta
008 221006b |||||||| |||| 00| 0 kor d
024 _a9,613
037 _bGift, Korea Foundation
_cTextual
040 _aEASL
_cEASL
_bkor
041 _2kor
_akor
082 _aX.495, 495N5
100 _aAN Byeong Jik Au.
_9650203
245 3 _aHanguk kyeongje
_b jaengjeomkwa jeonmang
260 _aSeoul
_bJisik Saneopsa Korea
_c1995
300 _a486p.
_ccm.
490 _v KL
650 _aEconomics
942 _hX.495, 495N5
_cTEXL
_2CC
999 _c1077699
_d1077699